[Event "Chigorin Memorial"]
[Site "St Petersburg"]
[Date "2016.10.18"]
[Round "4.67"]
[White "Biriukov, Oleg V"]
[Black "Schetchikov, Vladimir"]
[Result "1-0"]
[WhiteElo "2327"]
[BlackElo "1967"]
[PlyCount "51"]
[EventDate "2016.10.15"]
[EventType "swiss"]
[EventRounds "9"]
[EventCountry "RUS"]

1. d4 Nf6 2. c4 e6 3. Nc3 b6 4. e4 Bb7 5. Bd3 Bb4 6. Qc2 c5 7. d5 e5 8. Nge2 d6
9. O-O Bxc3 10. Qxc3 Nbd7 11. Ng3 g6 12. f4 Qe7 13. fxe5 Qxe5 14. Bf4 Qxc3 15.
bxc3 Ke7 16. Bg5 h6 17. Bh4 Bc8 18. Rad1 g5 19. Nf5+ Kf8 20. Bg3 Ne8 21. Nxd6
f6 22. Nxc8 Rxc8 23. e5 Kg7 24. e6 Nf8 25. Bf5 Ng6 26. d6 1-0

[Event "Chigorin Memorial"]
[Site "St Petersburg"]
[Date "2016.10.18"]
[Round "4.68"]
[White "Drygalov, Andrey"]
[Black "Scheglov, Dmitry"]
[Result "1-0"]
[WhiteElo "2318"]
[BlackElo "1953"]
[PlyCount "135"]
[EventDate "2016.10.15"]
[EventType "swiss"]
[EventRounds "9"]
[EventCountry "RUS"]

1. Nf3 Nf6 2. g3 g6 3. Bg2 Bg7 4. c4 O-O 5. O-O c5 6. d4 cxd4 7. Nxd4 d6 8. Nc3
a6 9. b3 Nbd7 10. Bb2 Rb8 11. Rc1 Nc5 12. b4 Ne6 13. e3 Bd7 14. a3 Nxd4 15.
exd4 Qc7 16. Ne2 Nh5 17. Qd2 f5 18. f4 Nf6 19. d5 Rfe8 20. c5 Rbc8 21. Rfe1 Qb8
22. Nd4 Rc7 23. Ne6 Bxe6 24. Rxe6 Qc8 25. Qe2 dxc5 26. Be5 Rd7 27. Qc4 Qd8 28.
d6 b5 29. Qe2 Ne4 30. Bxe4 fxe4 31. bxc5 exd6 32. Qa2 d5 33. Rxe8+ Qxe8 34. c6
Bxe5 35. cxd7 Bd4+ 36. Kg2 Qxd7 37. Rd1 Bc5 38. Rxd5 Qf7 39. Rd8+ Bf8 40. Qxf7+
Kxf7 41. Ra8 Bxa3 42. Rxa6 b4 43. Rb6 Ke7 44. Kf2 Kd7 45. Ke2 Kc7 46. Re6 b3
47. Kd1 Bf8 48. Re8 Bc5 49. Rxe4 Kd6 50. Re8 Bd4 51. Rd8+ Kc5 52. g4 Be3 53. f5
gxf5 54. gxf5 Bg5 55. Rd7 h6 56. Rb7 Kc4 57. Rb6 Kc3 58. h4 Bd8 59. Rc6+ Kb2
60. f6 Ka2 61. Ra6+ Kb1 62. f7 Be7 63. Ra7 Bd6 64. Ra8 h5 65. f8=Q Bxf8 66.
Rxf8 b2 67. Rb8 Ka2 68. Kc2 1-0

[Event "Chigorin Memorial"]
[Site "St Petersburg"]
[Date "2016.10.18"]
[Round "4.69"]
[White "Azimov, Ilyas"]
[Black "Matsenko, Andrei"]
[Result "0-1"]
[WhiteElo "2151"]
[BlackElo "2317"]
[PlyCount "82"]
[EventDate "2016.10.15"]
[EventType "swiss"]
[EventRounds "9"]
[EventCountry "RUS"]

1. e4 c6 2. d4 d5 3. exd5 cxd5 4. Bd3 Nc6 5. c3 Nf6 6. Bf4 g6 7. Nf3 Bg7 8. O-O
O-O 9. Nbd2 Nh5 10. Bg5 f6 11. Bh4 Qd6 12. c4 e6 13. cxd5 exd5 14. Re1 Be6 15.
a3 f5 16. Nb3 Rae8 17. Bb5 Bf7 18. Bg5 f4 19. Bxc6 bxc6 20. g4 fxg3 21. hxg3
Nxg3 22. Bd2 Ne4 23. Bb4 Qf4 24. Bxf8 Rxf8 25. Re3 g5 26. Qf1 g4 27. Qg2 gxf3
28. Rxf3 Qd6 29. Rc1 Kh8 30. Kf1 Bh6 31. Rc2 Rg8 32. Qh1 Bf4 33. Qh4 Bg5 34.
Qh1 Bg6 35. Re2 Re8 36. Qh3 Kg7 37. Kg2 Bf4 38. Qg4 Rf8 39. Nc5 h5 40. Ne6+ Kh6
41. Rh3 Rf5 0-1

[Event "Chigorin Memorial"]
[Site "St Petersburg"]
[Date "2016.10.18"]
[Round "4.70"]
[White "Shubin, Alexey"]
[Black "Musaev, Rasul"]
[Result "0-1"]
[WhiteElo "2141"]
[BlackElo "2312"]
[PlyCount "92"]
[EventDate "2016.10.15"]
[EventType "swiss"]
[EventRounds "9"]
[EventCountry "RUS"]

1. e4 g6 2. d4 Bg7 3. Nc3 d6 4. Be3 a6 5. Qd2 b5 6. O-O-O Bb7 7. f3 Nd7 8. Kb1
Nb6 9. Bd3 b4 10. Nce2 a5 11. d5 c6 12. dxc6 Bxc6 13. Bd4 Nf6 14. g4 Qc7 15. h4
e5 16. Be3 h5 17. Bxb6 Qxb6 18. g5 Nd7 19. Bc4 Qc5 20. Bd5 Rc8 21. Bxc6 Rxc6
22. Nc1 Nb6 23. Nb3 Qb5 24. Qd3 Nc4 25. Nd2 Nxd2+ 26. Rxd2 Qb6 27. Ne2 O-O 28.
Ng3 a4 29. Rc1 Rfc8 30. Ne2 Bf8 31. c4 b3 32. Ng3 Qb4 33. a3 Rxc4 34. Rxc4 Qxc4
35. Qxc4 Rxc4 36. Ne2 f6 37. gxf6 Kf7 38. Nc3 Kxf6 39. Nd5+ Kf7 40. Nb6 Rd4 41.
Rxd4 exd4 42. Kc1 g5 43. Kd2 gxh4 44. Ke1 h3 45. Kf2 d3 46. Nc4 h2 0-1

[Event "Chigorin Memorial"]
[Site "St Petersburg"]
[Date "2016.10.18"]
[Round "4.71"]
[White "Nazaretyan, Tigran"]
[Black "Shirshov, Nikolay"]
[Result "1-0"]
[WhiteElo "2308"]
[BlackElo "1945"]
[PlyCount "67"]
[EventDate "2016.10.15"]
[EventType "swiss"]
[EventRounds "9"]
[EventCountry "RUS"]

1. d4 Nf6 2. c4 e6 3. Nc3 Bb4 4. e3 O-O 5. Bd3 c5 6. Nf3 d5 7. O-O cxd4 8. exd4
dxc4 9. Bxc4 b6 10. Bg5 Bb7 11. Qe2 Bxc3 12. bxc3 Nc6 13. Ne5 Ne7 14. Bxf6 gxf6
15. Ng4 Kg7 16. Qd2 Ng6 17. Rfe1 Rc8 18. Bb3 f5 19. Ne5 Qc7 20. c4 Be4 21. Nxg6
hxg6 22. d5 Rh8 23. h3 Qc5 24. Rad1 Rhe8 25. Ba4 Red8 26. Qb2+ Kh6 27. dxe6
fxe6 28. Bd7 Rc7 29. Bxe6 Qe7 30. Bd5 Kh7 31. Rd4 Qe5 32. Qd2 Qg7 33. Rd1 Rcd7
34. Bg8+ 1-0

[Event "Chigorin Memorial"]
[Site "St Petersburg"]
[Date "2016.10.18"]
[Round "4.72"]
[White "Salemgareev, Tagir"]
[Black "Ismagilov, Damir"]
[Result "1-0"]
[WhiteElo "2305"]
[BlackElo "1927"]
[PlyCount "87"]
[EventDate "2016.10.15"]
[EventType "swiss"]
[EventRounds "9"]
[EventCountry "RUS"]

1. d4 Nf6 2. Nf3 g6 3. c4 Bg7 4. Nc3 O-O 5. e4 d6 6. h3 c5 7. d5 e6 8. Bd3 exd5
9. cxd5 Nbd7 10. O-O a6 11. a4 b6 12. Re1 Ne8 13. Bg5 f6 14. Bf4 Ne5 15. Bc2
Nc7 16. Nd2 Rb8 17. Bg3 b5 18. f4 Nf7 19. Nb3 Bd7 20. axb5 axb5 21. Na5 Ra8 22.
Nc6 Qe8 23. Rxa8 Qxa8 24. e5 dxe5 25. fxe5 Bxc6 26. exf6 Nxd5 27. fxg7 Rd8 28.
Nxd5 Bxd5 29. Qe2 Bxg2 30. Bh4 Bf3 31. Qxb5 g5 32. Bg3 Kxg7 33. Qxc5 Bh1 34.
Qf2 Bf3 35. Rf1 Bh5 36. Bb3 Rd7 37. Qf6+ Kg8 38. Be5 Qa7+ 39. Rf2 Kf8 40. Qh6+
Ke7 41. Qxh5 Nxe5 42. Qxg5+ Ke8 43. Qg8+ Ke7 44. Qf8# 1-0

[Event "Chigorin Memorial"]
[Site "St Petersburg"]
[Date "2016.10.18"]
[Round "4.73"]
[White "Zherebtsova, Alexandra"]
[Black "Askerov, Marat"]
[Result "1-0"]
[WhiteElo "2139"]
[BlackElo "2299"]
[PlyCount "51"]
[EventDate "2016.10.15"]
[EventType "swiss"]
[EventRounds "9"]
[EventCountry "RUS"]

1. Nf3 Nf6 2. c4 e6 3. Nc3 Bb4 4. Qc2 O-O 5. a3 Bxc3 6. Qxc3 d6 7. g3 b6 8. Bg2
Bb7 9. O-O a5 10. b3 c5 11. Bb2 Qe7 12. Rad1 e5 13. e3 Nbd7 14. d3 Rfe8 15. b4
d5 16. bxc5 dxc4 17. Qxc4 Bd5 18. Qh4 bxc5 19. Rde1 a4 20. Bc3 Qd6 21. Rb1 e4
22. Nd2 exd3 23. e4 Be6 24. e5 Nxe5 25. Bxa8 Rxa8 26. Qg5 {unreadable} 1-0

[Event "Chigorin Memorial"]
[Site "St Petersburg"]
[Date "2016.10.18"]
[Round "4.74"]
[White "Protopopova, Anastasiya"]
[Black "Ibadov, Dashgyn"]
[Result "0-1"]
[WhiteElo "2082"]
[BlackElo "2294"]
[PlyCount "112"]
[EventDate "2016.10.15"]
[EventType "swiss"]
[EventRounds "9"]
[EventCountry "RUS"]

1. d4 e6 2. c4 Nf6 3. g3 c5 4. d5 exd5 5. cxd5 d6 6. Nc3 g6 7. Bg2 Bg7 8. Nf3
O-O 9. O-O Re8 10. Bf4 Nh5 11. Bg5 Bf6 12. Bc1 Nd7 13. g4 Ng7 14. g5 Be7 15. h4
Bf8 16. Bf4 a6 17. a4 Qe7 18. e4 Nh5 19. Bh2 Bg7 20. Nd2 Ne5 21. f4 Ng4 22. Qe2
f5 23. Rae1 Bd4+ 24. Kh1 Ne3 25. e5 Nxf1 26. Qxf1 b5 27. Nf3 Bxc3 28. bxc3 Bb7
29. axb5 Bxd5 30. Rd1 Be4 31. exd6 Qe6 32. Ne5 axb5 33. Qxb5 Bxg2+ 34. Kxg2
Qa2+ 35. Kg1 Reb8 36. Qxc5 Rb2 37. Qc4+ Kg7 38. Qc7+ Kg8 39. Qc4+ Kg7 40. Qc7+
Kf8 41. Nf3 Rb1 42. Qe7+ Kg8 43. Qe1 Rxd1 44. Qxd1 Qa1 45. Qxa1 Rxa1+ 46. Kg2
Rd1 47. Nd4 Kf7 48. Kf2 Rd2+ 49. Kg1 Rd3 50. Nb5 Ke6 51. Kg2 Rd2+ 52. Kh3 Rb2
53. c4 Rb3+ 54. Kg2 Rb4 55. Kf3 Rxc4 56. Bg1 Rxf4+ 0-1

[Event "Chigorin Memorial"]
[Site "St Petersburg"]
[Date "2016.10.18"]
[Round "4.75"]
[White "Tran, Minh Thang"]
[Black "Stolyarsky, Yegor"]
[Result "0-1"]
[WhiteElo "2293"]
[BlackElo "1751"]
[PlyCount "82"]
[EventDate "2016.10.15"]
[EventType "swiss"]
[EventRounds "9"]
[EventCountry "RUS"]

1. d4 Nf6 2. c4 g6 3. g3 Bg7 4. Bg2 O-O 5. Nc3 d6 6. Nf3 Nbd7 7. O-O e5 8. e4
Re8 9. Re1 c6 10. h3 Qb6 11. b3 exd4 12. Na4 Qd8 13. Nxd4 Nc5 14. Nc3 Ne6 15.
Be3 Nc7 16. Qc2 Be6 17. Rad1 Qc8 18. Kh2 d5 19. cxd5 cxd5 20. e5 Nd7 21. f4 Nb6
22. Rd2 Na6 23. Ncb5 Qxc2 24. Rxc2 Nb4 25. Rc7 Rec8 26. Rxb7 Nc2 27. Nxc2 Rxc2
28. Nd4 Rxa2 29. Nxe6 fxe6 30. Rc1 Rd8 31. Bxb6 axb6 32. Rxb6 d4 33. Rxe6 d3
34. Rd6 Rxd6 35. exd6 d2 36. Bd5+ Kh8 37. Rd1 Bf6 38. Kg2 Kg7 39. Kf3 Kf8 40.
Ke4 Bc3 41. Bc6 Ra1 0-1

[Event "Chigorin Memorial"]
[Site "St Petersburg"]
[Date "2016.10.18"]
[Round "4.76"]
[White "Lazhevskaya, Zhanni"]
[Black "Gogolev, Artem"]
[Result "0-1"]
[WhiteElo "2065"]
[BlackElo "2287"]
[PlyCount "61"]
[EventDate "2016.10.15"]
[EventType "swiss"]
[EventRounds "9"]
[EventCountry "RUS"]

1. e4 c5 2. Nf3 Nf6 3. e5 Nd5 4. Nc3 e6 5. Ne4 f5 6. exf6 Nxf6 7. Nxf6+ Qxf6 8.
d4 cxd4 9. Bg5 Bb4+ 10. Bd2 Bxd2+ 11. Qxd2 Nc6 12. Bb5 e5 13. O-O-O O-O 14.
Bc4+ Kh8 15. Ng5 d6 16. h4 Bf5 17. f3 Ne7 18. g4 d5 19. Bb3 Be6 20. f4 Bxg4 21.
fxe5 Qf4 22. Rdg1 h6 23. Nh3 Qxd2+ 24. Kxd2 Be6 25. Rg3 Rf7 26. Ng1 Rf1 27. Rh2
Nf5 28. Rg6 Bf7 29. Rgg2 Bh5 30. Ne2 Ne3 31. Rg1 0-1

[Event "Chigorin Memorial"]
[Site "St Petersburg"]
[Date "2016.10.18"]
[Round "4.77"]
[White "Pryalukhin, Danila"]
[Black "Khakimov, Timur"]
[Result "1-0"]
[WhiteElo "2019"]
[BlackElo "2281"]
[PlyCount "55"]
[EventDate "2016.10.15"]
[EventType "swiss"]
[EventRounds "9"]
[EventCountry "RUS"]

1. d4 Nf6 2. Bg5 c5 3. Bxf6 gxf6 4. d5 Qb6 5. Qc1 f5 6. c4 Bg7 7. Nc3 d6 8. e3
Nd7 9. Nf3 Ne5 10. Nxe5 Bxe5 11. Bd3 Bd7 12. Qc2 e6 13. O-O O-O-O 14. a3 Rdg8
15. Rab1 f4 16. exf4 Bxf4 17. b4 Qd8 18. Ne2 Qg5 19. Nxf4 Qxf4 20. f3 e5 21.
bxc5 dxc5 22. Kh1 h5 23. Rfe1 Bh3 24. Bf1 Rh6 25. Qf2 Rhg6 26. Qxc5+ Kb8 27. d6
Ka8 28. Rxb7 1-0

[Event "Chigorin Memorial"]
[Site "St Petersburg"]
[Date "2016.10.18"]
[Round "4.78"]
[White "Kolesnikova, Kristina"]
[Black "Srinath, Rao S.V"]
[Result "1/2-1/2"]
[WhiteElo "2012"]
[BlackElo "2279"]
[PlyCount "135"]
[EventDate "2016.10.15"]
[EventType "swiss"]
[EventRounds "9"]
[EventCountry "RUS"]

1. c4 Nf6 2. Nc3 g6 3. e4 d6 4. d4 Bg7 5. Be2 O-O 6. Bg5 Na6 7. Qd2 c5 8. d5
Qa5 9. Nf3 Re8 10. O-O Bg4 11. h3 Bxf3 12. Bxf3 Nd7 13. Be2 Nc7 14. Bh6 Bh8 15.
f4 b5 16. f5 bxc4 17. fxg6 hxg6 18. Qf4 Bd4+ 19. Kh1 Ne5 20. Nd1 Qa4 21. Rc1
Reb8 22. Bxc4 Bxb2 23. Nxb2 Rxb2 24. Qh4 Qe8 25. Bg5 Nxc4 26. Bxe7 f5 27. Bf6
Qxe4 28. Qh8+ Kf7 29. Qg7+ Ke8 30. Bxb2 Ne3 31. Rg1 Kd8 32. Bf6+ Kc8 33. Rce1
Ncxd5 34. Qf8+ Kb7 35. Rb1+ Nb6 36. Qxd6 Nxg2 37. Qe7+ Qxe7 38. Bxe7 Nf4 39. h4
Kc6 40. Kh2 Nbd5 41. Bg5 Nd3 42. Rg3 Ne5 43. Ra3 Nb4 44. Rc3 Nd5 45. Ra3 a5 46.
Re1 Kd6 47. Kg2 c4 48. Rd1 Kc5 49. Bd2 c3 50. Bxc3 Ne3+ 51. Kg3 Nxd1 52. Bxe5
Re8 53. Rxa5+ Kb4 54. Rd5 Ne3 55. Bd6+ Kc4 56. Rc5+ Kd3 57. Bf4 Nc2 58. Rc6 Re1
59. Bg5 Ra1 60. Rxg6 Rxa2 61. Kf4 Nd4 62. Rd6 Rg2 63. Bf6 Rg4+ 64. Ke5 Re4+ 65.
Kd5 Nb5 66. Rd7 Nc3+ 67. Bxc3 Kxc3 68. Rf7 1/2-1/2

[Event "Chigorin Memorial"]
[Site "St Petersburg"]
[Date "2016.10.18"]
[Round "4.79"]
[White "Stukalov, Alexander"]
[Black "Huzman, Alexander"]
[Result "1/2-1/2"]
[WhiteElo "2243"]
[BlackElo "2577"]
[PlyCount "109"]
[EventDate "2016.10.15"]
[EventType "swiss"]
[EventRounds "9"]
[EventCountry "RUS"]

1. d4 Nf6 2. c4 g6 3. Nc3 d5 4. e3 Bg7 5. Qb3 e6 6. Qa3 Nc6 7. Bd2 Ne7 8. Nf3
O-O 9. Be2 b6 10. O-O Bb7 11. Rfd1 Nf5 12. Ne5 dxc4 13. Nxc4 Nd7 14. f4 Nh4 15.
Bf1 g5 16. Be1 gxf4 17. exf4 Ng6 18. Ne2 Nf6 19. Ne3 Nh5 20. f5 Nh4 21. Rac1
Bh6 22. f6 Ng6 23. d5 exd5 24. Nd4 Nxf6 25. Ndf5 Bf4 26. g3 Be5 27. Nc4 Nd7 28.
Nce3 c6 29. Ng4 Kh8 30. Qe3 f6 31. b4 b5 32. Qh6 Rg8 33. Bd3 Ndf8 34. Qh5 Bc8
35. Ngh6 Qe8 36. Nxg8 Kxg8 37. Nh6+ Kg7 38. Bf5 Bd4+ 39. Bf2 Bxf2+ 40. Kxf2 Bd7
41. Ng4 Rc8 42. Re1 Qd8 43. Kg2 Rc7 44. Re2 Bxf5 45. Qxf5 Qd6 46. Rce1 d4 47.
Kh3 Rf7 48. Rf1 Qd7 49. Qxd7 Nxd7 50. Rd1 f5 51. Nf2 a5 52. a3 axb4 53. axb4 f4
54. Rxd4 Nde5 55. Rxe5 1/2-1/2

[Event "Chigorin Memorial"]
[Site "St Petersburg"]
[Date "2016.10.18"]
[Round "4.80"]
[White "Idani, Pouya"]
[Black "Puraev, Artemiy"]
[Result "1/2-1/2"]
[WhiteElo "2551"]
[BlackElo "2204"]
[PlyCount "167"]
[EventDate "2016.10.15"]
[EventType "swiss"]
[EventRounds "9"]
[EventCountry "RUS"]

1. Nf3 d5 2. g3 Nf6 3. Bg2 e6 4. O-O c5 5. c4 Nc6 6. cxd5 Nxd5 7. d4 cxd4 8.
Nxd4 Be7 9. Nxc6 bxc6 10. Qc2 Qb6 11. a3 Ba6 12. Rd1 Qc5 13. Qxc5 Bxc5 14. Nc3
O-O 15. Na4 Be7 16. e4 Nb6 17. Nxb6 axb6 18. e5 Rad8 19. Be3 c5 20. Rdc1 Rb8
21. Bc6 Rfc8 22. Be4 Bb7 23. Bxb7 Rxb7 24. Rd1 Kf8 25. Kg2 Ke8 26. Kf3 b5 27.
Rd2 Rd7 28. Rxd7 Kxd7 29. a4 Ra8 30. Rd1+ Kc7 31. axb5 Rb8 32. Bd2 Rxb5 33. Bc3
Rb8 34. Ra1 Kb7 35. Ra4 f5 36. exf6 Bxf6 37. Bxf6 Rf8 38. Rf4 gxf6 39. Rc4 Kb6
40. b4 cxb4 41. Rxb4+ Kc6 42. Rd4 Ra8 43. Kg4 Ra5 44. Rf4 Rg5+ 45. Kf3 Rg6 46.
Rd4 Rg5 47. h4 Rf5+ 48. Kg2 Rd5 49. Rf4 f5 50. Ra4 Rd7 51. Kf3 Kd5 52. Kf4 Rg7
53. Ra5+ Kd6 54. f3 Rb7 55. Ra6+ Ke7 56. Kg5 Rb3 57. Ra7+ Kd6 58. Kf4 Rb4+ 59.
Ke3 Rb3+ 60. Kf2 Rb2+ 61. Kg1 h5 62. Rh7 Rb1+ 63. Kg2 Rb2+ 64. Kh3 Rb3 65. Kg2
Rb2+ 66. Kh3 Rb3 67. f4 e5 68. Rh6+ Kd5 69. Rxh5 Ke4 70. fxe5 Kxe5 71. Rg5 Kf6
72. Kh2 Rb2+ 73. Kh3 Rb3 74. Kg2 Rb2+ 75. Kf3 Rb3+ 76. Kf4 Rb4+ 77. Ke3 Rb3+
78. Kd4 Rb4+ 79. Kd3 Ra4 80. Rg8 Kf7 81. Rg5 Kf6 82. Ke3 Ra3+ 83. Ke2 Ra2+ 84.
Kd3 1/2-1/2

[Event "Chigorin Memorial"]
[Site "St Petersburg"]
[Date "2016.10.18"]
[Round "4.81"]
[White "Cherednichenko, Dmitrij"]
[Black "Sunilduth Lyna, Narayanan"]
[Result "1/2-1/2"]
[WhiteElo "2231"]
[BlackElo "2536"]
[PlyCount "190"]
[EventDate "2016.10.15"]
[EventType "swiss"]
[EventRounds "9"]
[EventCountry "RUS"]

1. e4 c5 2. Nf3 d6 3. Bb5+ Nd7 4. O-O a6 5. Bd3 Ngf6 6. Re1 g6 7. b3 Bg7 8. Bb2
e5 9. c3 O-O 10. Bc2 b5 11. d4 Bb7 12. Nbd2 exd4 13. cxd4 Re8 14. a4 cxd4 15.
axb5 axb5 16. Bxd4 Ne5 17. Nxe5 dxe5 18. Bb2 Rc8 19. Re2 Qc7 20. Nf3 Nh5 21. g3
Red8 22. Qe1 Qc5 23. Rd1 Bf6 24. Rxd8+ Rxd8 25. Rd2 Re8 26. Qe2 Bc6 27. Bd3 Bd7
28. Rc2 Qb4 29. Nd2 Ng7 30. Bc3 Qc5 31. Nf1 Rb8 32. Ne3 Be6 33. Nd5 Bxd5 34.
Bxe5 Qf8 35. Bxb8 Bxb3 36. Rc6 Qxb8 37. Rxf6 Ne6 38. Qb2 Bd1 39. Bc4 Bg4 40.
Qxb5 Qd8 41. Bxe6 Bxe6 42. Rf4 Qd1+ 43. Qf1 Qd4 44. h4 h6 45. Qe1 Qd3 46. Qe3
Qd1+ 47. Kh2 h5 48. Qf3 Qd4 49. Qe2 Bg4 50. f3 Be6 51. e5 Qc3 52. Re4 Kg7 53.
Re3 Qc1 54. Qf2 Qc5 55. Re2 Qc3 56. Qe3 Qc4 57. Rd2 Qc1 58. Qf4 Qe1 59. Qd4 Kh7
60. Rf2 Kg8 61. Rg2 Kg7 62. Qd2 Qxe5 63. Qb2 Qxb2 64. Rxb2 Bd5 65. Kg2 Kf6 66.
Kf2 Kg7 67. Ke3 Be6 68. Kf4 Bd5 69. Rb6 Bc4 70. Rd6 Bb3 71. Kg5 Be6 72. Rb6 Bd5
73. Rf6 Be6 74. Rf4 Bd5 75. Rf6 Be6 76. Rf4 Bd5 77. g4 hxg4 78. fxg4 Be6 79.
Rf2 Bd5 80. Kf4 Be6 81. Rd2 Bc4 82. Rd4 Bb3 83. Ke5 Be6 84. Rb4 Bd7 85. Rf4 Be6
86. Rb4 Bd7 87. Kf4 Be6 88. Kg5 Bd5 89. Rf4 Be6 90. Rf2 Bd7 91. Rc2 Be6 92. Rc7
Bd5 93. h5 gxh5 94. Kxh5 Be6 95. g5 Bf5 1/2-1/2

[Event "Chigorin Memorial"]
[Site "St Petersburg"]
[Date "2016.10.18"]
[Round "4.82"]
[White "Nesterov, Arseniy"]
[Black "Bajarani, Ulvi"]
[Result "1-0"]
[WhiteElo "2214"]
[BlackElo "2512"]
[PlyCount "95"]
[EventDate "2016.10.15"]
[EventType "swiss"]
[EventRounds "9"]
[EventCountry "RUS"]

1. d4 f5 2. Nf3 d6 3. e3 Nf6 4. Be2 g6 5. O-O Bg7 6. c4 O-O 7. Nc3 a5 8. a3 Na6
9. b4 c6 10. b5 Nc7 11. Rb1 cxb5 12. Nxb5 Ne4 13. Nxc7 Qxc7 14. Qb3 a4 15. Qb4
Ra7 16. Nd2 Ng5 17. Qb6 Qxb6 18. Rxb6 f4 19. Bd1 Ne6 20. Nf3 fxe3 21. Bxe3 Bd7
22. Re1 Re8 23. Be2 Rc8 24. Bd3 Kf8 25. h4 Nd8 26. d5 Ra6 27. Rxa6 bxa6 28. Bg5
Bf6 29. Bxf6 exf6 30. Rb1 a5 31. Rb6 Ke7 32. Nd2 f5 33. f4 Rc7 34. Kf2 Nb7 35.
Ke3 Nc5 36. Bc2 Be8 37. h5 Ra7 38. h6 Nd7 39. Rb2 Nf6 40. Kd4 Kd8 41. Nf3 Re7
42. Bd3 Ng4 43. Ng5 Nxh6 44. Ne6+ Kc8 45. c5 dxc5+ 46. Kxc5 Ra7 47. d6 Nf7 48.
Nc7 1-0

[Event "Chigorin Memorial"]
[Site "St Petersburg"]
[Date "2016.10.18"]
[Round "4.83"]
[White "Konaplev, Anton"]
[Black "Smirnov, Artem"]
[Result "1/2-1/2"]
[WhiteElo "2185"]
[BlackElo "2409"]
[PlyCount "107"]
[EventDate "2016.10.15"]
[EventType "swiss"]
[EventRounds "9"]
[EventCountry "RUS"]

1. d4 Nf6 2. c4 e6 3. Nc3 Bb4 4. e3 d5 5. a3 Bxc3+ 6. bxc3 c6 7. Nf3 O-O 8. Bd3
b6 9. O-O Ba6 10. cxd5 Bxd3 11. Qxd3 cxd5 12. c4 Nc6 13. Bb2 dxc4 14. Qxc4 Rc8
15. Qe2 Qd5 16. Rac1 h6 17. Rc2 Ne7 18. Rfc1 Rxc2 19. Rxc2 Rc8 20. Ne5 Qb3 21.
Rxc8+ Nxc8 22. Qd2 Nd6 23. f3 Nd5 24. e4 Ne3 25. Qc3 Qxc3 26. Bxc3 f5 27. exf5
exf5 28. Nc6 a5 29. a4 Nd5 30. Be1 Nc4 31. Kf2 Kf7 32. g3 Ke6 33. Ke2 Kd6 34.
Na7 Nc7 35. Kd3 Kd5 36. Nc8 Nb2+ 37. Kc2 Nxa4 38. Kb3 b5 39. Bxa5 Ne6 40. Ne7+
Kxd4 41. Nxf5+ Kd3 42. h4 Ke2 43. h5 Kxf3 44. Bd2 Ke2 45. Bxh6 gxh6 46. Kb4 Nc7
47. Nxh6 Nb2 48. Nf5 Nd3+ 49. Kb3 Ne5 50. h6 Kf3 51. h7 Ng6 52. Kb4 Ke4 53.
Nd6+ Kd5 54. Nxb5 1/2-1/2

[Event "Chigorin Memorial"]
[Site "St Petersburg"]
[Date "2016.10.18"]
[Round "4.84"]
[White "Arslanov, Shamil"]
[Black "Yakimenko, Viktoria"]
[Result "1-0"]
[WhiteElo "2398"]
[BlackElo "2160"]
[PlyCount "103"]
[EventDate "2016.10.15"]
[EventType "swiss"]
[EventRounds "9"]
[EventCountry "RUS"]

1. d4 Nf6 2. c4 g6 3. f3 d5 4. cxd5 Nxd5 5. e4 Nb6 6. Nc3 Bg7 7. Be3 e6 8. Qd2
Nc6 9. O-O-O Bd7 10. Kb1 h6 11. f4 f5 12. d5 Ne7 13. Bxb6 axb6 14. e5 exd5 15.
Nxd5 Be6 16. Bc4 Kf7 17. Nf3 b5 18. Bb3 c6 19. Nxe7 Bxb3 20. axb3 Qxe7 21. e6+
Kg8 22. Qd7 Ra1+ 23. Kc2 Qc5+ 24. Kd3 Ra8 25. h4 Qf8 26. Ke2 Re8 27. Qxb7 Rxe6+
28. Kf2 Rh7 29. Qb6 Bf6 30. Rhe1 Rhe7 31. Rd8 Re8 32. Rxe6 Rxd8 33. Qxc6 Rc8
34. Qxb5 Qf7 35. Qa6 Rf8 36. Kg3 Kh7 37. Rb6 Qg7 38. Rb7 Rf7 39. Rxf7 Qxf7 40.
Qc4 Qg7 41. b4 Bxb2 42. b5 Bf6 43. b6 Bd8 44. Qe6 Qe7 45. Qxe7+ Bxe7 46. b7 Bd6
47. Nd4 g5 48. Nxf5 Bxf4+ 49. Kg4 h5+ 50. Kxh5 gxh4 51. Nd4 Kg7 52. Ne6+ 1-0

[Event "Chigorin Memorial"]
[Site "St Petersburg"]
[Date "2016.10.18"]
[Round "4.85"]
[White "Urazayev, Arystanbek"]
[Black "Chibukhchyan, Erik"]
[Result "1-0"]
[WhiteElo "2377"]
[BlackElo "2135"]
[PlyCount "87"]
[EventDate "2016.10.15"]
[EventType "swiss"]
[EventRounds "9"]
[EventCountry "RUS"]

1. e4 e5 2. Nf3 Nc6 3. d4 exd4 4. Nxd4 Bc5 5. Nxc6 bxc6 6. Bd3 Qh4 7. Qe2 Nf6
8. Be3 Bxe3 9. Qxe3 O-O 10. Nd2 Re8 11. O-O d6 12. Qg3 Qxg3 13. hxg3 Rb8 14. b3
Be6 15. f4 Bg4 16. Rae1 Nd7 17. Nc4 f6 18. Na5 Rb6 19. c3 Be6 20. Kf2 Bf7 21.
Re3 Kf8 22. g4 h6 23. Rfe1 Nc5 24. Bc2 Nd7 25. a3 Be6 26. Kf3 Nc5 27. b4 Nb7
28. Nxb7 Rxb7 29. e5 fxe5 30. fxe5 d5 31. Kg3 Ke7 32. Rf3 Rbb8 33. Ref1 c5 34.
Bg6 Red8 35. Bf5 Bg8 36. g5 hxg5 37. Kg4 a5 38. bxc5 Rb2 39. Rg3 Re2 40. Kxg5
Rxe5 41. Kh4 g5+ 42. Rxg5 Bf7 43. Rg7 Rh8+ 44. Bh7 1-0

[Event "Chigorin Memorial"]
[Site "St Petersburg"]
[Date "2016.10.18"]
[Round "4.86"]
[White "Tsoi, Dmitry"]
[Black "Martynov, Pavel"]
[Result "1-0"]
[WhiteElo "2160"]
[BlackElo "2374"]
[PlyCount "91"]
[EventDate "2016.10.15"]
[EventType "swiss"]
[EventRounds "9"]
[EventCountry "RUS"]

1. e4 c5 2. Nf3 g6 3. d4 Bg7 4. dxc5 Qa5+ 5. c3 Qxc5 6. Be3 Qc7 7. Nbd2 Nc6 8.
Bd3 Nf6 9. h3 O-O 10. O-O d5 11. Qc2 e5 12. Rad1 b6 13. Bg5 Be6 14. Rfe1 Rac8
15. Qb1 Ne7 16. Bh4 Nxe4 17. Nxe4 dxe4 18. Bxe4 f6 19. Bg3 Qc4 20. Bc2 Qc6 21.
Bb3 Bxb3 22. axb3 Nf5 23. Bh2 a5 24. Qd3 Rf7 25. Qd5 Bf8 26. Qxc6 Rxc6 27. Rd8
Rd6 28. Rd1 Rxd1+ 29. Rxd1 Bc5 30. Rd8+ Kg7 31. Nd2 Nd6 32. Kf1 Rb7 33. Ke2 Kf7
34. f4 Ke7 35. Rh8 Ke6 36. fxe5 fxe5 37. Nf3 e4 38. Ng5+ Kf5 39. h4 Kg4 40.
Nxh7 Rf7 41. Bxd6 Bxd6 42. Ng5 Rf4 43. Re8 Kf5 44. g3 Rg4 45. Nf7 Bxg3 46. Nh6+
1-0

[Event "Chigorin Memorial"]
[Site "St Petersburg"]
[Date "2016.10.18"]
[Round "4.87"]
[White "Zaykov, Sergey"]
[Black "Bronstein, Or"]
[Result "1-0"]
[WhiteElo "2131"]
[BlackElo "2348"]
[PlyCount "65"]
[EventDate "2016.10.15"]
[EventType "swiss"]
[EventRounds "9"]
[EventCountry "RUS"]

1. Nf3 d5 2. c4 e6 3. b3 Nf6 4. Bb2 c6 5. e3 Bd6 6. Be2 O-O 7. O-O Qe7 8. Nc3
a6 9. d4 b5 10. Ne5 Bb7 11. f4 Nbd7 12. c5 Bc7 13. b4 Ne8 14. Bd3 Nxe5 15. dxe5
f6 16. Qc2 g6 17. Ne2 fxe5 18. fxe5 Ng7 19. Nf4 Qg5 20. Rf3 Bxe5 21. h4 Bxb2
22. hxg5 Bxa1 23. Bxg6 hxg6 24. Qxg6 a5 25. Rh3 axb4 26. Nxe6 Be5 27. Rh8+ Kxh8
28. Qh6+ Kg8 29. g6 Rf1+ 30. Kxf1 Rf8+ 31. Kg1 Rf1+ 32. Kxf1 Nxe6 33. Qh7+ 1-0

[Event "Chigorin Memorial"]
[Site "St Petersburg"]
[Date "2016.10.18"]
[Round "4.88"]
[White "Krasovskiy, Sviatoslav"]
[Black "Schekachikhin, Maksim"]
[Result "0-1"]
[WhiteElo "2123"]
[BlackElo "2347"]
[PlyCount "50"]
[EventDate "2016.10.15"]
[EventType "swiss"]
[EventRounds "9"]
[EventCountry "RUS"]

1. c4 c5 2. Nc3 Nc6 3. g3 g6 4. Bg2 Bg7 5. Nf3 d6 6. Rb1 Nh6 7. h4 Nf5 8. h5
Qd7 9. d3 b6 10. h6 Bf8 11. g4 Nfd4 12. Nxd4 cxd4 13. Nb5 Bb7 14. Qa4 e5 15. g5
a6 16. Na3 Be7 17. Nc2 O-O 18. Nb4 b5 19. cxb5 Nxb4 20. Rg1 Bxg2 21. Qxb4 Bd5
22. bxa6 Bxa2 23. Ra1 Rxa6 24. f4 Rfa8 25. fxe5 dxe5 0-1